000 00713nam a2200241Ia 4500
003 OSt
005 20220923222306.0
006 a|||||r|||| 00| 0
007 ta
008 220922b |||||||| |||| 00| 0 mar d
024 _a204,324
037 _cTextual
040 _aARTS
_cARTS
_bmar
041 _2mar
_amar
082 _aO155,3xN5, 152M9
100 _aतरनीजीत, संपा.
_9156275
245 0 _aपरिणय
246 _aPariṇaya
260 _aदिल्ली
_b कादम्बरी प्रकाशन
_c1989
300 _a159पृ0
_ccm.
942 _hO155,3xN5, 152M9
_cTEXL
_2CC
999 _c355073
_d355073